Регионална библиотека "Любен Каравелов" - Русе

Имунобиология на туморния растеж (Запис номер 128858)

MARC детайли
000 -Лидер
Контролно поле с фиксирана дължина nam a22 a 4500
003 - Код на организацията, давaща контролен номер
Контролно поле BLK
005 - Дата и час на последна редакция
Контролно поле 20221208100403.0
008 - Елементи от данни с фиксирана дължина
fixed length control field 180409b bul|||||r ||||||| ||bul||
010 ## - Наследен системен номер
LC control number KNG00134590000
040 ## - Източник на каталожния запис
Идентификатор на билиотеката - собственик на записа BLK
041 ## - Код за език
Код за езика на текст/звукозапис или на отделно заглавие Български
Код за езика КДБФ Български
080 ## - УДК
Текстов определител УДК Тумори. Неоплазми (новообразувания). Онкология (учение за туморите)
УДК код - определител по УДК 616-006
УДК - код + определител 616-006
100 1# - Редна дума - Автор
Автор Боева, Мария Ненова
Авторска отговорност първи автор
R(LIN) 321426
139 ## - Редно поле
Редна дума Боева, Мария Ненова и др.
Авторски знак Бого - Б 55
245 10 - Сведения за заглавието
Заглавие Имунобиология на туморния растеж
Подзаглавни данни Моногр.
Редно поле (дума) Мария Ненова Боева; съавт. Вера Вл. Городилова.
257 ## - Страна на издаване
Страна на създаване/издаване България
260 ## - Област на издателските данни
Име на издателя, разпространителя и проч. Медицина и физкултура
Година на издаване 1979
Място на издаване, разпространение и проч. София
300 ## - Физическа характеристика
Страници 167 с.
Илюстрации и др. с табл., черт., 2 л. ил.
Размери/Мащаб 22 см
380 ## - Жанр
Жанр Медицина
500 ## - Общи забележки
Забележка 1 600 тир.
650 #4 - Допълнително описание по предмет – тема
Основно описание – тема или топоним Рак
9 (RLIN) 168905
650 #4 - Допълнително описание по предмет – тема
Основно описание – тема или топоним Имунология
9 (RLIN) 157118
650 #4 - Допълнително описание по предмет – тема
Основно описание – тема или топоним Тумори
9 (RLIN) 174185
653 ## - Ключова дума – ненормативна
Ключова дума рак
653 ## - Ключова дума – ненормативна
Ключова дума имунология
653 ## - Ключова дума – ненормативна
Ключова дума тумори
700 1# - Други автори (авторска отговорност)
Лично име Городилова, Вера Вл.
Автороска отговорност (Описва отношението между автора и произведението) съавт.
9 (RLIN) 55218
852 ## - Местоположение
Форматна сигнатура Цб 100091
Фондова буква Хранилище
856 4# - Електронен адрес и достъп
Електронен формат pdf - файл
Инструкция (цена за достъп) 0.00
Права за достъп disable
856 4# - Електронен адрес и достъп
Електронен формат pdf - файл
Инструкция (цена за достъп) 0.00
Права за достъп disable
999 ## - СИСТЕМНИ КОНТРОЛНИ НОМЕРА
Koha biblionumber 128858
Koha biblioitemnumber 128858
942 ## - АРТИКУЛИ
Вид на библиотечния материал Книги
Скрит в OPAC Не
Периодичен библиозапис Да
944 ## - СЪЗДАВАНЕ И РЕДАКЦИЯ на ЗАПИСА
Създаване/Редакция Създаване
Дата на регистрацията/редакция 08.10.2012
Статус, дата на статуса 08.10.2012 - от С1,Р / 08.10.2012
Служител, извършил регистрацията/редакцията Грета_Цуфелде
944 ## - СЪЗДАВАНЕ И РЕДАКЦИЯ на ЗАПИСА
Създаване/Редакция Редакция
Дата на регистрацията/редакция 08.10.2012
Статус, дата на статуса 08.10.2012 - от С1,Р / 08.10.2012
944 ## - СЪЗДАВАНЕ И РЕДАКЦИЯ на ЗАПИСА
Създаване/Редакция Редакция
Дата на регистрацията/редакция 2022-12-08
Статус, дата на статуса 2022-12-08
999 ## - СИСТЕМНИ КОНТРОЛНИ НОМЕРА
Koha biblioitemnumber 128858
Наличности
Код за отписване Код за изгубен артикул Източник на класификационната схема Код за повреда Коз за рестрикции Код за отдаване Артикулен № Име на библиотеката - собственик Име на библиотеката, в която се намира в момента Статус (Текущо местоположение) Дата на вписване в системата Местоположение - отдел Цена в лева Инвентарен номер Систематично азбучна сигнатура Баркод Номер на екземпляра Цена в евро Служебна бележка Служебен тип на артикула
  Не е изгубен Universal Decimal Classification Не е повреден само за читалня ползва се в читалня 209398 Регионална библиотека "Любен Каравелов" Русе Регионална библиотека "Любен Каравелов" Русе Хранилище 1979-01-01 Хранилище 1.56 289312 Цб 100091 120000289312 1 0.80 N: стар фонд Дата: 01.01.1979 Книги
Vip Innovations Ltd, Rousse, Bulgaria 2025